000 00955nabaa22002177a 4500
999 _c6152
_d6152
003 OSt
005 20260123192942.0
008 190701b xxu||||| |||| 00| 0 spa d
040 _cPJ
100 _96903
_aAlianak, Raquel C.
245 1 0 _aUna ejecución previsible del contrato administrativo :
_balgunas herramientas y figuras desde un análisis comparativo /
_cRaquel C. Alianak.
300 _ap. 50-63
500 _aCita: TR LALEY AR/DOC/3179/2023
505 _aSumario: I. La buena y eficaz gestión del contrato público, y sus principios específicos.— II. Conclusiones.
505 _t¿Te interesa el texto completo? Comunicate al correo: koha@justierradelfuego.gov.ar
650 0 _9211
_aDERECHO ADMINISTRATIVO
650 0 _9877
_aADMINISTRACION PUBLICA
650 0 _93463
_aCONTRATOS
773 0 _02842
_93251
_dBuenos Aires : AbeledoPerrot, 2012-
_oDA121
_tDerecho administrativo. Nº 151 enero/febrero 2024
_z18510590
942 _2udc
_cANA